[Event "4NCL/Div2/NWE-PP1"]
[Site "Rd-11 Birmingham"]
[Date "2002.05.06"]
[Round "11.5"]
[White "Littlewood, John E"]
[Black "Byway, Paul"]
[Result "1-0"]
[WhiteElo "2304"]
[BlackElo "2216"]
[PlyCount "89"]
[EventDate "2002.05.06"]

1. e4 c5 2. c3 d5 3. exd5 Qxd5 4. d4 e6 5. Nf3 Nf6 6. Bd3 Nc6 7. O-O cxd4 8.
cxd4 Be7 9. Nc3 Qd6 10. Nb5 Qd8 11. Bf4 Nd5 12. Bg3 a6 13. Nc3 O-O 14. Rc1 Nxc3
15. bxc3 Bf6 16. Qe2 g6 17. h4 Bd7 18. h5 Qa5 19. hxg6 hxg6 20. Qb2 Bc8 21.
Rcd1 Qh5 22. Be2 Qh8 23. Rfe1 b5 24. Nh2 Bd7 25. Ng4 Bg7 26. Bd6 Rfe8 27. Rd3
Qh4 28. Qd2 e5 29. Nxe5 Nxe5 30. Bxe5 Bxe5 31. dxe5 Bf5 32. Rd4 Rad8 33. Bf3
Rxd4 34. cxd4 Rc8 35. g3 Qd8 36. d5 Rc2 37. Qe3 Rxa2 38. g4 Bc8 39. e6 fxe6 40.
dxe6 Qe7 41. Rc1 Qxe6 42. Bd5 Qxd5 43. Rxc8+ Kg7 44. Qe7+ Qf7 45. Qe5+ 1-0

[Event "4NCL/Div2/NWE-PP1"]
[Site "Rd-11 Birmingham"]
[Date "2002.05.06"]
[Round "11.6"]
[White "Hansen, Hans-Peter"]
[Black "Macklin, Paul"]
[Result "0-1"]
[WhiteElo "2144"]
[BlackElo "2200"]
[PlyCount "66"]
[EventDate "2002.05.06"]

1. c4 e5 2. Nc3 Nf6 3. Nf3 Nc6 4. g3 Bc5 5. Bg2 d6 6. d3 h6 7. O-O a6 8. e3 O-O
9. h3 Ba7 10. b3 Bf5 11. Bb2 Qd7 12. Kh2 Rfe8 13. Qd2 Bh7 14. Rac1 Rad8 15. Ne1
Ne7 16. Bxb7 c6 17. Bxa6 Bf5 18. h4 Bh3 19. Ng2 Ng4+ 20. Kg1 Nf5 21. Nd1 Qe6
22. c5 Bxc5 23. Rxc5 dxc5 24. Bc4 Qg6 25. Re1 Bxg2 26. Kxg2 Nxh4+ 27. gxh4
Nxe3+ 28. Kf3 Nxc4 29. bxc4 Rxd3+ 30. Qxd3 Qxd3+ 31. Ne3 f5 32. Rg1 Qe4+ 33.
Ke2 f4 0-1

[Event "4NCL/Div2/NWE-PP1"]
[Site "Rd-11 Birmingham"]
[Date "2002.05.06"]
[Round "11.7"]
[White "Hague, Ben"]
[Black "Winfridsson, Hakan"]
[Result "1/2-1/2"]
[WhiteElo "2219"]
[BlackElo "2200"]
[PlyCount "50"]
[EventDate "2002.05.06"]

1. e4 e5 2. f4 Nc6 3. Nc3 Bc5 4. Nf3 d6 5. Bb5 Nf6 6. d3 Bg4 7. Na4 Bb6 8. Nxb6
axb6 9. fxe5 dxe5 10. O-O Qd6 11. Kh1 O-O 12. Bxc6 bxc6 13. Qe1 Nd7 14. Qh4 f5
15. exf5 Bxf5 16. Bd2 Bg6 17. Bc3 Rf5 18. Ng5 Rxa2 19. Ne4 Qf8 20. Ng3 Rf4 21.
Qxf4 exf4 22. Rxa2 Bf7 23. Rxf4 Bxa2 24. Rxf8+ Kxf8 25. Nf5 g6 1/2-1/2

[Event "4NCL/Div2/NWE-PP1"]
[Site "Rd-11 Birmingham"]
[Date "2002.05.06"]
[Round "11.8"]
[White "Connolly, Suzanne"]
[Black "Summerscale, Claire E"]
[Result "1/2-1/2"]
[WhiteElo "2086"]
[BlackElo "2031"]
[PlyCount "32"]
[EventDate "2002.05.06"]

1. e4 d5 2. exd5 Qxd5 3. Nc3 Qa5 4. d4 Nf6 5. Nf3 Bf5 6. Bc4 e6 7. O-O Nbd7 8.
d5 O-O-O 9. dxe6 Ne5 10. Qe2 Nxc4 11. Qxc4 Bxe6 12. Qh4 Be7 13. Bd2 Qb6 14. Qa4
Bd7 15. Qb3 Be6 16. Qxb6 axb6 1/2-1/2

[Event "4NCL/Div2/SLO2-RIC"]
[Site "Rd-11 Birmingham"]
[Date "2002.05.06"]
[Round "11.1"]
[White "Devereaux, Maxim"]
[Black "Quinn, Mark"]
[Result "1-0"]
[WhiteElo "2282"]
[BlackElo "2423"]
[PlyCount "80"]
[EventDate "2002.05.06"]

1. Nf3 Nf6 2. b3 g6 3. Bb2 Bg7 4. c4 O-O 5. g3 d6 6. Bg2 e5 7. d3 c6 8. O-O
Nbd7 9. Nc3 Re8 10. Qc2 Qe7 11. Rfd1 Nf8 12. h3 Nh5 13. e4 Ne6 14. b4 h6 15.
Ne2 Ng5 16. Nxg5 hxg5 17. d4 g4 18. hxg4 Bxg4 19. f3 Bd7 20. Qd2 Rad8 21. g4
Nf6 22. dxe5 dxe5 23. Qc3 Nh7 24. Rd3 Bc8 25. Rad1 Rxd3 26. Rxd3 Qh4 27. Kf1
Be6 28. Bc1 f5 29. gxf5 gxf5 30. Be3 fxe4 31. Bf2 Qh5 32. fxe4 Rf8 33. Ng3 Qf7
34. Rf3 Bxc4+ 35. Kg1 Nf6 36. Nf5 Be6 37. Nxg7 Qxg7 38. Qxe5 Bg4 39. Rg3 Kh7
40. Bd4 Qf7 1-0

[Event "4NCL/Div2/SLO2-RIC"]
[Site "Rd-11 Birmingham"]
[Date "2002.05.06"]
[Round "11.2"]
[White "Wall, Gavin"]
[Black "Pustina, Ylvi"]
[Result "1/2-1/2"]
[WhiteElo "2378"]
[BlackElo "2277"]
[PlyCount "37"]
[EventDate "2002.05.06"]

1. e4 c5 2. Nf3 Nc6 3. Bb5 d6 4. O-O Bd7 5. a4 Nf6 6. d3 e6 7. Nbd2 Be7 8. Re1
O-O 9. Nc4 a6 10. Bxc6 Bxc6 11. e5 Bxf3 12. Qxf3 dxe5 13. Qxb7 Nd7 14. Nxe5
Nxe5 15. Rxe5 c4 16. Re1 cxd3 17. cxd3 Bf6 18. Rd1 Qd6 19. Qe4 1/2-1/2

[Event "4NCL/Div2/SLO2-RIC"]
[Site "Rd-11 Birmingham"]
[Date "2002.05.06"]
[Round "11.3"]
[White "Houska, Miroslav"]
[Black "Bates, Richard A"]
[Result "0-1"]
[WhiteElo "2300"]
[BlackElo "2358"]
[PlyCount "80"]
[EventDate "2002.05.06"]

1. e3 g6 2. c4 Bg7 3. Nc3 Nf6 4. g3 d5 5. cxd5 Nxd5 6. d4 O-O 7. Bg2 Nxc3 8.
bxc3 Nc6 9. Ne2 Na5 10. O-O Be6 11. e4 c5 12. d5 Bg4 13. f3 Bd7 14. Rb1 e6 15.
c4 Nxc4 16. Rxb7 exd5 17. Qxd5 Nb6 18. Qxc5 Bc8 19. Rc7 Ba6 20. Kf2 Nd7 21. Qc2
Be5 22. Rc6 Bb5 23. Rd1 Bxc6 24. Qxc6 Qb6+ 25. Qxb6 Nxb6 26. f4 Bg7 27. e5 Rfd8
28. Rd4 Rac8 29. Be3 Bf8 30. Rxd8 Rxd8 31. Nd4 Bc5 32. Nb3 Bxe3+ 33. Kxe3 Nd5+
34. Bxd5 Rxd5 35. a4 Kf8 36. g4 Rd1 37. a5 Rd5 38. a6 Rb5 39. Nd4 Rb6 40. f5
Rxa6 0-1

[Event "4NCL/Div2/SLO2-RIC"]
[Site "Rd-11 Birmingham"]
[Date "2002.05.06"]
[Round "11.4"]
[White "Hinks-Edwards, Thomas"]
[Black "Smith, Andrew P"]
[Result "1-0"]
[WhiteElo "2322"]
[BlackElo "2223"]
[PlyCount "69"]
[EventDate "2002.05.06"]

1. e4 e5 2. Nf3 d6 3. d4 Nd7 4. Bc4 Qf6 5. O-O h6 6. a4 Be7 7. a5 a6 8. Nc3 c6
9. Ne2 Bd8 10. Ng3 Ne7 11. dxe5 dxe5 12. Re1 g5 13. h3 Bc7 14. b3 Nf8 15. Nh2
Ne6 16. Ng4 Qg6 17. Bb2 f6 18. Bxe6 Bxe6 19. Qf3 Rf8 20. Ba3 Rf7 21. Bxe7 Kxe7
22. Nf5+ Bxf5 23. exf5 Qh7 24. Qc3 Bd6 25. Qc4 Kf8 26. Red1 Be7 27. Rd7 h5 28.
Ne3 Rb8 29. Rad1 Kg7 30. Qe6 Kh8 31. Rc7 g4 32. Rdd7 Re8 33. hxg4 Rg7 34. g5
fxg5 35. f6 1-0

[Event "4NCL/Div2/SLO2-RIC"]
[Site "Rd-11 Birmingham"]
[Date "2002.05.06"]
[Round "11.5"]
[White "Tarifa, Alket"]
[Black "Webb, Laurence E"]
[Result "1/2-1/2"]
[WhiteElo "2249"]
[BlackElo "2239"]
[PlyCount "86"]
[EventDate "2002.05.06"]

1. e4 e5 2. Nf3 Nc6 3. Bc4 Nf6 4. Ng5 Bc5 5. Bxf7+ Ke7 6. Bb3 Rf8 7. O-O d6 8.
Nc3 h6 9. Nd5+ Nxd5 10. exd5 Nd4 11. Ne4 Bb6 12. c3 Nxb3 13. axb3 Qe8 14. d3
Qg6 15. Be3 Bg4 16. Qd2 Bf3 17. Ng3 Bxd5 18. c4 Bc6 19. d4 exd4 20. Bxd4 Kf7
21. b4 Bxd4 22. Qxd4 Qf6 23. Qd2 Kg8 24. b5 Bd7 25. f3 Be6 26. b3 Qf7 27. Rfe1
b6 28. Re3 Rfe8 29. Rae1 Bd7 30. Ne4 Rad8 31. Nc3 Rxe3 32. Rxe3 Re8 33. Ne4 Re5
34. Qd4 Bf5 35. Nc3 Rxe3 36. Qxe3 Be6 37. Qd4 Kf8 38. Kf2 Ke7 39. Ne2 Qf6 40.
Ke3 Qg5+ 41. Nf4 Kd7 42. h4 Qg3 43. Qc3 Bf7 1/2-1/2

[Event "4NCL/Div2/SLO2-RIC"]
[Site "Rd-11 Birmingham"]
[Date "2002.05.06"]
[Round "11.6"]
[White "Franklin, Michael J"]
[Black "Harris, Michael J"]
[Result "1/2-1/2"]
[WhiteElo "2233"]
[BlackElo "2235"]
[PlyCount "45"]
[EventDate "2002.05.06"]

1. d4 c5 2. e3 Nf6 3. Nf3 e6 4. Bd3 Be7 5. c3 O-O 6. O-O Qc7 7. Re1 Nc6 8. Nbd2
d5 9. a3 e5 10. dxe5 Nxe5 11. Nxe5 Qxe5 12. e4 Bg4 13. f3 Bd6 14. Nf1 c4 15.
Bc2 Be6 16. f4 Bc5+ 17. Kh1 Qc7 18. f5 Bd7 19. exd5 Rae8 20. Be3 Qd6 21. Qf3
Nxd5 22. Bxc5 Qxc5 23. Nd2 1/2-1/2

[Event "4NCL/Div2/SLO2-RIC"]
[Site "Rd-11 Birmingham"]
[Date "2002.05.06"]
[Round "11.7"]
[White "de Coverly, Roger"]
[Black "Phillips, Roy"]
[Result "1-0"]
[WhiteElo "2109"]
[BlackElo "2228"]
[PlyCount "75"]
[EventDate "2002.05.06"]

1. d4 g6 2. e4 d6 3. Nc3 c6 4. Be3 Nf6 5. Qd2 b5 6. Bd3 Nbd7 7. Nf3 Bb7 8. e5
dxe5 9. dxe5 Ng4 10. Bf4 Bg7 11. e6 fxe6 12. h3 Nge5 13. Nxe5 Nxe5 14. Bxe5
Bxe5 15. O-O O-O 16. Qe2 Bd4 17. Qxe6+ Kh8 18. Rae1 Qb6 19. Re2 Rae8 20. Ne4
Bc8 21. Qb3 Bf5 22. Ng5 Bf6 23. Nf7+ Kg7 24. Ne5 Qc5 25. Bxf5 Bxe5 26. Bd7 Rd8
27. Bxc6 Bd4 28. Qxb5 Rxf2 29. Rexf2 Bxf2+ 30. Kh1 Qxc2 31. Qe5+ Kh6 32. Qf4+
Kg7 33. Qxf2 Qxc6 34. Qf7+ Kh6 35. Qxe7 Qd6 36. Qe3+ Kg7 37. Qxa7+ Rd7 38. Qf2
1-0

[Event "4NCL/Div2/SLO2-RIC"]
[Site "Rd-11 Birmingham"]
[Date "2002.05.06"]
[Round "11.8"]
[White "Wilson, Alexandra"]
[Black "Chevannes, Sabrina"]
[Result "1-0"]
[WhiteElo "2097"]
[BlackElo "1824"]
[PlyCount "43"]
[EventDate "2002.05.06"]

1. e4 c6 2. d3 d5 3. Nd2 e5 4. Ngf3 Bd6 5. g3 Nf6 6. Bg2 O-O 7. O-O Nbd7 8. Re1
Re8 9. b3 Qb6 10. Bb2 Qc7 11. d4 exd4 12. exd5 Rxe1+ 13. Qxe1 cxd5 14. Nxd4 a6
15. c4 Bb4 16. Qe2 Bxd2 17. Qxd2 dxc4 18. Nf5 Nc5 19. Nxg7 Nce4 20. Bxe4 Nxe4
21. Qd4 c3 22. Ne8 1-0

[Event "4NCL/Div2/WS-SWD1"]
[Site "Rd-11 Birmingham"]
[Date "2002.05.06"]
[Round "11.1"]
[White "Rose, Matthew"]
[Black "Dineley, Richard DP"]
[Result "0-1"]
[WhiteElo "2219"]
[BlackElo "2284"]
[PlyCount "80"]
[EventDate "2002.05.06"]

1. e4 c5 2. Nf3 d6 3. c3 Nf6 4. Be2 g6 5. O-O Bg7 6. Re1 O-O 7. Bf1 Nc6 8. h3
e5 9. d3 h6 10. b3 d5 11. Nbd2 Kh7 12. Bb2 Re8 13. Qc2 b6 14. a3 Rb8 15. b4
cxb4 16. axb4 a6 17. Qb3 b5 18. exd5 Nxd5 19. Ne4 f5 20. Nc5 Rb6 21. Nd2 Nc7
22. g3 Ne6 23. Bg2 Qd6 24. Nf1 Nxc5 25. bxc5 Qxc5 26. Ba3 b4 27. cxb4 Nxb4 28.
Qa4 Rd8 29. Rab1 a5 30. Ne3 Be6 31. Rec1 Qb5 32. Qxb5 Rxb5 33. Bf1 Rbb8 34. Nc4
Nc6 35. Rxb8 Rxb8 36. Bd6 Rd8 37. Bc7 Rd7 38. Bxa5 Bxc4 39. Bg2 Nxa5 40. dxc4
e4 0-1

[Event "4NCL/Div2/WS-SWD1"]
[Site "Rd-11 Birmingham"]
[Date "2002.05.06"]
[Round "11.2"]
[White "Zeidler, Sven P"]
[Black "Haydon, Richard"]
[Result "1-0"]
[WhiteElo "2277"]
[BlackElo "2208"]
[PlyCount "77"]
[EventDate "2002.05.06"]

1. e4 g6 2. d4 Bg7 3. Nc3 d6 4. Bc4 Nc6 5. Nf3 Nf6 6. h3 O-O 7. Qe2 Nd7 8. Be3
Nb6 9. Bb3 Na5 10. O-O c6 11. Rfe1 h6 12. Rad1 Bd7 13. Bf4 Qc8 14. a3 Nxb3 15.
cxb3 Re8 16. a4 a5 17. Qe3 Kh7 18. d5 Ra6 19. Rc1 Qb8 20. dxc6 bxc6 21. e5 Nc8
22. Ne4 Rb6 23. Ned2 Rb4 24. Rc4 Qb6 25. Qc3 c5 26. Rxb4 axb4 27. Qd3 Qc6 28.
Rc1 d5 29. Be3 c4 30. bxc4 dxc4 31. Qxc4 Qxa4 32. Qxf7 Rf8 33. Qd5 e6 34. Qb7
Ne7 35. Bc5 Rc8 36. b3 Qa3 37. Re1 Rxc5 38. Qxd7 Nc6 39. Ne4 1-0

[Event "4NCL/Div2/WS-SWD1"]
[Site "Rd-11 Birmingham"]
[Date "2002.05.06"]
[Round "11.3"]
[White "Dickinson, Tim R"]
[Black "Jones, Richard S"]
[Result "1/2-1/2"]
[WhiteElo "2179"]
[BlackElo "2174"]
[PlyCount "33"]
[EventDate "2002.05.06"]

1. d4 Nf6 2. Nf3 d5 3. Bg5 c6 4. Nbd2 Qb6 5. Qc1 Ne4 6. Bf4 Bf5 7. e3 Nxd2 8.
Nxd2 e6 9. c4 Be7 10. cxd5 exd5 11. Be2 O-O 12. O-O Nd7 13. a3 a5 14. Qc3 c5
15. dxc5 Nxc5 16. Qd4 Bf6 17. Be5 1/2-1/2

[Event "4NCL/Div2/WS-SWD1"]
[Site "Rd-11 Birmingham"]
[Date "2002.05.06"]
[Round "11.4"]
[White "Johnston, Dafydd"]
[Black "Headlong, Timothy"]
[Result "1/2-1/2"]
[WhiteElo "2230"]
[BlackElo "2232"]
[PlyCount "55"]
[EventDate "2002.05.06"]

1. e4 c5 2. Nf3 Nc6 3. d4 cxd4 4. Nxd4 g6 5. c4 Nf6 6. Nc3 d6 7. f3 Nxd4 8.
Qxd4 Bg7 9. Be3 O-O 10. Qd2 Bd7 11. Be2 a5 12. O-O Bc6 13. Rac1 Nd7 14. Rfd1
Nc5 15. Kh1 Qb6 16. b3 Rfc8 17. Nd5 Bxd5 18. cxd5 Qd8 19. Rc2 Qe8 20. Rdc1 b6
21. Qd1 Qf8 22. Bb5 Rd8 23. Qd2 Be5 24. Bg5 Ra7 25. Qe3 Qg7 26. Rc4 h5 27. a3
Bb2 28. Rg1 1/2-1/2

[Event "4NCL/Div2/WS-SWD1"]
[Site "Rd-11 Birmingham"]
[Date "2002.05.06"]
[Round "11.5"]
[White "Hackett, David G"]
[Black "James, David J"]
[Result "1-0"]
[WhiteElo "2161"]
[BlackElo "2247"]
[PlyCount "81"]
[EventDate "2002.05.06"]

1. e4 c5 2. Nc3 d6 3. g3 Nc6 4. Bg2 g6 5. d3 Bg7 6. f4 e6 7. Nf3 Nge7 8. O-O
O-O 9. Be3 Nd4 10. e5 Nef5 11. Bf2 Nxf3+ 12. Qxf3 Nd4 13. Qd1 dxe5 14. fxe5 Rb8
15. Ne4 b6 16. c3 Nf5 17. Nf6+ Kh8 18. g4 Ne7 19. Bh4 Bb7 20. Bxb7 Rxb7 21. Qf3
Qc7 22. Qh3 h6 23. Bg5 Ng8 24. Rae1 Rd8 25. Bf4 Qe7 26. g5 Bxf6 27. exf6 Qe8
28. Be5 Rbd7 29. Re3 b5 30. Rf4 Rd5 31. Rh4 Qf8 32. Kf1 R8d7 33. d4 c4 34. Ree4
Rxe5 35. Rxe5 Rd5 36. Rxd5 exd5 37. Qd7 a5 38. Qxd5 Qc8 39. Kf2 b4 40. Qc5 Qe6
41. Rxh6+ 1-0

[Event "4NCL/Div2/WS-SWD1"]
[Site "Rd-11 Birmingham"]
[Date "2002.05.06"]
[Round "11.6"]
[White "Richmond, Peter A"]
[Black "Churn, Rohan M"]
[Result "1/2-1/2"]
[WhiteElo "2240"]
[BlackElo "2171"]
[PlyCount "43"]
[EventDate "2002.05.06"]

1. c3 d5 2. Nf3 c5 3. d4 e6 4. e3 Nf6 5. Nbd2 Nc6 6. a3 b6 7. Bb5 Bd7 8. O-O
Be7 9. Re1 O-O 10. Bd3 Qc7 11. b4 Rfd8 12. Bb2 Be8 13. Rc1 Rac8 14. Bb1 Qb8 15.
Qe2 g6 16. Ba1 cxb4 17. cxb4 Rc7 18. Bb2 Rdc8 19. Nb3 Bd6 20. h3 Ne7 21. Rxc7
Rxc7 22. Rc1 1/2-1/2

[Event "4NCL/Div2/WS-SWD1"]
[Site "Rd-11 Birmingham"]
[Date "2002.05.06"]
[Round "11.7"]
[White "Bourne, Johnathan D"]
[Black "Morris, Charles F"]
[Result "0-1"]
[WhiteElo "2008"]
[BlackElo "2253"]
[PlyCount "60"]
[EventDate "2002.05.06"]

1. e4 e6 2. d4 d5 3. Nc3 Nf6 4. e5 Nfd7 5. f4 c5 6. Nf3 Nc6 7. Ne2 f6 8. c3 Qb6
9. Qb3 Qxb3 10. axb3 b6 11. Be3 fxe5 12. Ng5 exd4 13. cxd4 Nf6 14. Rc1 Na5 15.
dxc5 Nxb3 16. Nd4 Bxc5 17. Bb5+ Bd7 18. Rxc5 Nxc5 19. b4 Bxb5 20. bxc5 Bc4 21.
Ndxe6 Kd7 22. Nxg7 Rhg8 23. Nf5 Rae8 24. cxb6 d4 25. Nf3 dxe3 26. Ne5+ Rxe5 27.
fxe5 Nd5 28. bxa7 Ra8 29. Kd1 Rxa7 30. Kc2 Ra2+ 0-1

[Event "4NCL/Div2/WS-SWD1"]
[Site "Rd-11 Birmingham"]
[Date "2002.05.06"]
[Round "11.8"]
[White "Cast, Abigail"]
[Black "Headlong, Fenella"]
[Result "1/2-1/2"]
[WhiteElo "2107"]
[BlackElo "1656"]
[PlyCount "68"]
[EventDate "2002.05.06"]

1. d4 d5 2. c4 e6 3. Nc3 Nf6 4. cxd5 exd5 5. Bg5 Be7 6. Qc2 c6 7. e3 Bg4 8. Bd3
Nbd7 9. Nge2 Bxe2 10. Qxe2 O-O 11. O-O Re8 12. f3 Qb6 13. Kh1 Bd6 14. Qd2 h6
15. Bh4 c5 16. Bb5 cxd4 17. exd4 Bb4 18. Qd3 Bxc3 19. bxc3 a6 20. Ba4 Qa5 21.
Bb3 b5 22. Rac1 Rac8 23. Rc2 Re6 24. Rfc1 Rce8 25. Bf2 Qa3 26. Rf1 Nb6 27. Rb1
Qe7 28. h3 Nh5 29. Rcc1 Nf4 30. Qf1 Qg5 31. h4 Qf6 32. Bd1 Ng6 33. g3 Nc4 34.
f4 Nd2 1/2-1/2

[Event "4NCL/Div2/PY-ATH"]
[Site "Rd-11 Birmingham"]
[Date "2002.05.06"]
[Round "11.1"]
[White "Hanley, Craig A"]
[Black "Orr, Mark JL"]
[Result "1/2-1/2"]
[WhiteElo "2313"]
[BlackElo "2328"]
[PlyCount "143"]
[EventDate "2002.05.06"]

1. c4 c6 2. d4 d5 3. Nf3 Nf6 4. e3 Bg4 5. h3 Bxf3 6. Qxf3 e6 7. Nc3 Bb4 8. Bd3
O-O 9. Bd2 Nbd7 10. a3 Bxc3 11. Bxc3 Re8 12. Rd1 e5 13. dxe5 Nxe5 14. Qg3 d4
15. Bb1 c5 16. O-O Nh5 17. Qh2 Nf3+ 18. gxf3 Qg5+ 19. Qg2 Qxg2+ 20. Kxg2 dxc3
21. bxc3 Nf6 22. Rd6 Rad8 23. Rfd1 Rxd6 24. Rxd6 Kf8 25. Kg3 Ke7 26. Rd2 Rc8
27. Rb2 Rc7 28. Kf4 Rd7 29. Bf5 Rc7 30. a4 g6 31. Be4 b6 32. Bd5 h6 33. e4 g5+
34. Ke3 Nh5 35. h4 Nf4 36. hxg5 Ng2+ 37. Ke2 hxg5 38. Rb1 Kd6 39. Rh1 f6 40.
Rh8 Re7 41. Rc8 Ke5 42. a5 f5 43. a6 Nf4+ 44. Ke3 Ng2+ 45. Kd2 Kf4 46. Rf8 Nh4
47. exf5 Nxf3+ 48. Kc2 Re2+ 49. Kb3 Ne5 50. f6 Rxf2 51. f7 Kg3 52. Rg8 Nxf7 53.
Bxf7 Rxf7 54. Rxg5+ Kf4 55. Rg6 Ke4 56. Re6+ Kf5 57. Re1 Rc7 58. Ka4 Kf6 59.
Kb5 Kf7 60. Re5 Kf8 61. Re6 Kf7 62. Rxb6 axb6 63. Kxb6 Re7 64. a7 Re6+ 65. Kb5
Re8 66. Kxc5 Ke7 67. Kb6 Kd7 68. c5 Rc8 69. c4 Rc6+ 70. Kb5 Rc8 71. Kb6 Rc6+
72. Kb7 1/2-1/2

[Event "4NCL/Div2/PY-ATH"]
[Site "Rd-11 Birmingham"]
[Date "2002.05.06"]
[Round "11.2"]
[White "Spreeuw, Jaap"]
[Black "Rendle, Thomas E"]
[Result "1-0"]
[WhiteElo "2316"]
[BlackElo "2200"]
[PlyCount "121"]
[EventDate "2002.05.06"]

1. c4 f5 2. Nc3 Nf6 3. Nf3 g6 4. d3 d6 5. e4 e5 6. exf5 Bxf5 7. d4 Nc6 8. d5
Ne7 9. Bg5 Bg7 10. Qd2 h6 11. Be3 g5 12. Ng1 c5 13. Nge2 Nh5 14. Ng3 Nxg3 15.
hxg3 e4 16. Be2 Qa5 17. Rc1 O-O-O 18. b3 Kb8 19. g4 Bg6 20. Bd1 Ng8 21. Ne2
Qxd2+ 22. Kxd2 Be5 23. Rh3 b5 24. Ng3 b4 25. Be2 Rh7 26. Rch1 Rf7 27. Bd1 Rdf8
28. Ke2 Bf4 29. Rf1 a5 30. Bc2 Nf6 31. Rxh6 Nxg4 32. Bxf4 Rxf4 33. Rxg6 Rxf2+
34. Ke1 e3 35. Be4 Rxf1+ 36. Nxf1 Rf4 37. Bf3 Ne5 38. Rg8+ Kb7 39. Rg7+ Kb6 40.
Nxe3 Nxf3+ 41. gxf3 Rxf3 42. Ke2 Rh3 43. Rxg5 Rh1 44. Nd1 Rh6 45. Rg7 a4 46.
bxa4 Ka5 47. Ra7+ Kb6 48. Rd7 Ka5 49. Nf2 Rh4 50. Rxd6 Rxc4 51. Nd3 Rc2+ 52.
Kd1 Rc3 53. Nb2 Rh3 54. Rc6 Rh1+ 55. Kc2 Rh2+ 56. Kc1 Rh1+ 57. Nd1 Kxa4 58.
Rxc5 b3 59. axb3+ Kxb3 60. d6 Kb4 61. d7 1-0

[Event "4NCL/Div2/PY-ATH"]
[Site "Rd-11 Birmingham"]
[Date "2002.05.06"]
[Round "11.3"]
[White "Taylor, Martin R"]
[Black "van Voorthuijsen, Pieter W"]
[Result "1-0"]
[WhiteElo "2173"]
[BlackElo "2324"]
[PlyCount "113"]
[EventDate "2002.05.06"]

1. c4 e6 2. g3 d5 3. Bg2 Nf6 4. Nf3 Be7 5. O-O O-O 6. Qc2 b6 7. b3 Bb7 8. Bb2
c5 9. d4 dxc4 10. Qxc4 Bd5 11. Qa4 Bc6 12. Qc4 Bd5 13. Qa4 cxd4 14. Qxd4 Nc6
15. Qf4 Ne4 16. Nc3 Nxc3 17. Bxc3 f5 18. Rfd1 Qe8 19. Ne5 Bxg2 20. Kxg2 Bf6 21.
Rac1 Ne7 22. Nd7 Bxc3 23. Nxf8 Qxf8 24. Rxc3 Nd5 25. Rxd5 exd5 26. Qe5 Qf7 27.
Rc7 Re8 28. Qd6 Qe6 29. Qxe6+ Rxe6 30. e3 Rd6 31. Rxa7 d4 32. exd4 Rxd4 33. Rb7
Rb4 34. Kf3 g5 35. Ke3 Re4+ 36. Kd3 Re6 37. a4 f4 38. gxf4 gxf4 39. b4 f3 40.
a5 bxa5 41. bxa5 Ra6 42. Rb5 Kf7 43. Ke3 Ke7 44. Kxf3 Ra7 45. Rh5 Kd8 46. Kg4
Rg7+ 47. Rg5 Rd7 48. a6 Kc7 49. a7 Kb7 50. Ra5 Ka8 51. f4 Rd2 52. h4 Rg2+ 53.
Kf5 Rg8 54. Ke6 Rg6+ 55. Kf7 Rg4 56. f5 Rxh4 57. f6 1-0

[Event "4NCL/Div2/PY-ATH"]
[Site "Rd-11 Birmingham"]
[Date "2002.05.06"]
[Round "11.4"]
[White "Wade, Robert G"]
[Black "Mutton, Jonathan B"]
[Result "1/2-1/2"]
[WhiteElo "2223"]
[BlackElo "2196"]
[PlyCount "31"]
[EventDate "2002.05.06"]

1. d4 Nf6 2. Nc3 d5 3. Bg5 Nbd7 4. e3 g6 5. f4 Bg7 6. Nf3 O-O 7. Ne5 c6 8. Bd3
h6 9. Bh4 Qc7 10. O-O Qd6 11. Qd2 c5 12. Nxd7 Bxd7 13. Kh1 e6 14. dxc5 Qxc5 15.
e4 dxe4 16. Nxe4 1/2-1/2

[Event "4NCL/Div2/PY-ATH"]
[Site "Rd-11 Birmingham"]
[Date "2002.05.06"]
[Round "11.5"]
[White "Yastrebov, Alexander"]
[Black "Stevenson, James AB"]
[Result "1/2-1/2"]
[WhiteElo "2181"]
[BlackElo "2151"]
[PlyCount "48"]
[EventDate "2002.05.06"]

1. e4 d5 2. exd5 Qxd5 3. Nc3 Qa5 4. d4 Nf6 5. Bc4 Bf5 6. Nf3 e6 7. O-O c6 8.
Ne5 Nbd7 9. f4 Bb4 10. Ne2 O-O 11. Ng3 Bg6 12. h4 Rad8 13. Qe2 Nd5 14. f5 Nxe5
15. dxe5 Bxf5 16. Nxf5 exf5 17. Rxf5 Rde8 18. Qg4 Re6 19. Bg5 Bd2 20. Bd3 Ne3
21. Bxe3 Bxe3+ 22. Kh1 Rxe5 23. Rf3 Bh6 24. b4 Qc7 1/2-1/2

[Event "4NCL/Div2/PY-ATH"]
[Site "Rd-11 Birmingham"]
[Date "2002.05.06"]
[Round "11.6"]
[White "Milligan, Helen"]
[Black "Lazhevskaya, Zhanna"]
[Result "1/2-1/2"]
[WhiteElo "2130"]
[BlackElo "2103"]
[PlyCount "101"]
[EventDate "2002.05.06"]

1. e4 e5 2. Nf3 Nc6 3. d4 exd4 4. Nxd4 Nf6 5. Nxc6 bxc6 6. e5 Qe7 7. Qe2 Nd5 8.
c4 Ba6 9. b3 Qh4 10. Bb2 Bb4+ 11. Kd1 O-O 12. g3 Qh6 13. Qf3 Nb6 14. a3 Bc5 15.
Nd2 d5 16. exd6 Rad8 17. Kc2 Bxd6 18. Bd3 Nd7 19. Ne4 Ne5 20. Bxe5 Bxe5 21.
Rad1 Bc8 22. h4 Rd4 23. Rhe1 c5 24. Qe3 Bg4 25. f3 Qxe3 26. Rxe3 Bf5 27. f4
Bxe4 28. Rxe4 Rxe4 29. Bxe4 Bd4 30. g4 Re8 31. Kd3 Bb2 32. a4 g6 33. f5 Kg7 34.
fxg6 Rd8+ 35. Ke2 Rxd1 36. Kxd1 hxg6 37. Ke2 Bf6 38. g5 Bc3 39. Kf3 Be1 40. Kg4
f5+ 41. gxf6+ Kxf6 42. Bb1 Ke5 43. Bxg6 Kd4 44. h5 Bd2 45. Kf3 a5 46. Ke2 Kc3
47. Kd1 Bh6 48. Be8 Kxb3 49. Bb5 Kc3 50. Bc6 Kxc4 51. Kc2 1/2-1/2

[Event "4NCL/Div2/PY-ATH"]
[Site "Rd-11 Birmingham"]
[Date "2002.05.06"]
[Round "11.7"]
[White "Gilbert, Jessie"]
[Black "Quinn, John M"]
[Result "1/2-1/2"]
[WhiteElo "2102"]
[BlackElo "2174"]
[PlyCount "42"]
[EventDate "2002.05.06"]

1. d4 Nf6 2. c4 e6 3. Nf3 Bb4+ 4. Bd2 Qe7 5. Nc3 O-O 6. g3 Bxc3 7. Bxc3 Ne4 8.
Qd3 f5 9. Bg2 d6 10. O-O Nxc3 11. Qxc3 Nd7 12. Rae1 c5 13. e3 a5 14. Nd2 e5 15.
f4 e4 16. Nb1 Nf6 17. Qd2 Be6 18. Rc1 Rfc8 19. d5 Bd7 20. Nc3 Rcb8 21. a4 Qf7
1/2-1/2

[Event "4NCL/Div2/PY-ATH"]
[Site "Rd-11 Birmingham"]
[Date "2002.05.06"]
[Round "11.8"]
[White "Spivack, Simon"]
[Black "Woodward, Timothy DM"]
[Result "0-1"]
[WhiteElo "2182"]
[BlackElo "2161"]
[PlyCount "132"]
[EventDate "2002.05.06"]

1. e4 c6 2. d4 d5 3. e5 c5 4. c3 Nc6 5. Be3 Nh6 6. Be2 cxd4 7. cxd4 Qb6 8. Nc3
e6 9. Qd2 Nf5 10. Nf3 Be7 11. O-O f6 12. exf6 Bxf6 13. Rfd1 O-O 14. Rab1 Bd7
15. b4 Rac8 16. Na4 Qd8 17. Nc5 b6 18. Nxd7 Qxd7 19. Ba6 Rcd8 20. Bb5 Nd6 21.
Bd3 Rc8 22. a3 Ne7 23. Qe2 Nef5 24. Ba6 Rc3 25. Qb2 Nxe3 26. Qxc3 Nxd1 27. Rxd1
Qa4 28. Be2 Rc8 29. Qe3 Qd7 30. Ng5 Bxg5 31. Qxg5 Ne4 32. Qe5 Qd6 33. Qxd6 Nxd6
34. Kf1 Kf7 35. Ke1 h6 36. Rd3 Ne4 37. f3 Nd6 38. Bd1 Rc4 39. Bb3 Rc1+ 40. Kd2
Rg1 41. g4 Rg2+ 42. Ke3 Rxh2 43. a4 b5 44. axb5 Nxb5 45. Ba4 Nd6 46. Bb3 Rb2
47. Kf4 Kf6 48. Rc3 Nb5 49. Rd3 Nxd4 50. Bxd5 Rxb4 51. Be4 a5 52. Ke3 e5 53.
Bd5 a4 54. Rc3 Ke7 55. Rc8 Kd6 56. Bg8 Nc6 57. Ra8 Rb8 58. Rxb8 Nxb8 59. Ke4
Nc6 60. Bf7 a3 61. Bb3 Nb4 62. Kf5 a2 63. Bxa2 Nxa2 64. Kg6 Nc3 65. Kxg7 Ne2
66. Kxh6 Nd4 0-1

[Event "4NCL/Div2/KH-BAR3"]
[Site "Rd-11 Birmingham"]
[Date "2002.05.06"]
[Round "11.1"]
[White "McMichael, Richard"]
[Black "Mack, Andrew"]
[Result "1/2-1/2"]
[WhiteElo "2265"]
[BlackElo "2275"]
[PlyCount "29"]
[EventDate "2002.05.06"]

1. c4 g6 2. Nc3 Bg7 3. g3 d6 4. Bg2 e5 5. d3 Nc6 6. e4 Nf6 7. Nge2 O-O 8. O-O
Be6 9. h3 Qd7 10. Kh2 Ne8 11. f4 f5 12. exf5 gxf5 13. Nd5 Nd8 14. d4 e4 15. Ne3
1/2-1/2